A history of modern times from 1789 / (Record no. 7079)
[ view plain ]
| 000 -LEADER | |
|---|---|
| fixed length control field | 00945nam a2200289 a 4500 |
| 001 - CONTROL NUMBER | |
| JCCL Control Number | 7079 |
| 003 - CONTROL NUMBER IDENTIFIER | |
| JCCL marc code | BD-JhCC |
| 005 - DATE AND TIME OF LATEST TRANSACTION | |
| control field | 20180418165058.0 |
| 008 - FIXED-LENGTH DATA ELEMENTS--GENERAL INFORMATION | |
| fixed length control field | 180204s1964 enkadb 001 0 eng d |
| 035 ## - SYSTEM CONTROL NUMBER | |
| system control number | (BD-JhCC)7079 |
| 035 ## - SYSTEM CONTROL NUMBER | |
| system control number | (OCoLC)1804674 |
| 040 ## - CATALOGING SOURCE | |
| Original cataloging agency | BD-JhCC |
| Transcribing agency | FJ |
| Modifying agency | BD-JhCC |
| -- | DLC |
| 041 ## - LANGUAGE CODE | |
| Language code of Book | eng |
| 050 00 - LIBRARY OF CONGRESS CALL NUMBER | |
| Classification number | D299 |
| Item number | .K43 1964 |
| 082 ## - DEWEY DECIMAL CLASSIFICATION NUMBER | |
| Classification number | 909.8 |
| Author mark and Year | KET 1964 |
| 100 1# - MAIN ENTRY--PERSONAL NAME | |
| Personal name | Ketelbey, Caroline Doris Mabel |
| 245 12 - TITLE STATEMENT | |
| Title | A history of modern times from 1789 / |
| Statement of responsibility, etc | by C.D.M. Ketelbey |
| 250 ## - EDITION STATEMENT | |
| Edition statement | 4th edition |
| 260 ## - PUBLICATION, DISTRIBUTION, ETC. (IMPRINT) | |
| Place of publication, distribution, etc | London |
| Name of publisher, distributor, etc | G.G. Harrap |
| Date of publication, distribution, etc | [1964] |
| 300 ## - PHYSICAL DESCRIPTION | |
| Pagination | 730 p. |
| Other physical details | illus. tables, maps part fold col |
| Dimensions | 21 cm |
| 500 ## - GENERAL NOTE | |
| General note | Label inside front cover: Clark McCutcheon, bookseller, port Washington, N.Y. |
| 504 ## - BIBLIOGRAPHY, ETC. NOTE | |
| Bibliography, etc | Bibliographical references included in footnotes. Bibliograpy: p. 695-699 |
| 650 #0 - SUBJECT ADDED ENTRY--TOPICAL TERM | |
| Topical term or geographic name as entry element | History, Modern |
| Chronological subdivision | 19th century. |
| 650 #0 - SUBJECT ADDED ENTRY--TOPICAL TERM | |
| Topical term or geographic name as entry element | History, Modern |
| Chronological subdivision | 20th century. |
| 942 ## - ADDED ENTRY ELEMENTS (KOHA) | |
| Source of classification or shelving scheme | Dewey Decimal Classification |
| Koha item type | Books |
| Source of classification or shelving scheme | Damaged status | Not for loan | Home library | Current library | Shelving location | Date of accession | Total Checkouts | Full call number | Barcode | Date last seen | Copy number | Koha item type |
|---|---|---|---|---|---|---|---|---|---|---|---|---|
| Dewey Decimal Classification | JCC Rouf Library | JCC Rouf Library | General Stacks | 02/04/2018 | 909.8 KET 1964 | 9477 | 02/04/2018 | C - 1 | Books |